00365 2200145 4500001002100000005001500021035002000036245006800056100002000124300001200144260002800156082000800184084001500192990001200207INLIS00000000000197820250527072617 a0010-05250002701 aIlmu Kebumian dan Antariksa /cProf. Dr. H. Bayong Tjasyono HK.0 aBayong Tjasyono a232 hlm aBandung :bRosda,c2008 a550 a550 BAY i a0713509